000 00800nam a2200253 i 4500
001 C2-0250485
003 PPAK
005 20180727214154.0
008 030703s2000 si a|||| ||||| | eng d
020 _a9810423314
040 _aPPAK
_beng
_cPPAK
_erda
082 0 4 _a635.95230913
_223
090 0 0 _a635.95230913
_bRAU
_dR
100 1 _aRauch, Fred D.,
_eauthor
245 1 0 _aPlants for tropical landscapes :
_ba gardener's guide
264 1 _aSingapore :
_bTalisman ,
_c2000
300 _ax, 139 pages :
_bcolour illustrations ;
_c29 cm
336 _2rdacontent
_atext
337 _2rdamedia
_aunmediated
338 _2rdacarrier
_avolume
650 1 0 _aTropical plants ; Tropical plants - Hawaii ; Landscape plants - Tropics ; Landscape plants - Hawaii
700 _eauthor
942 _ddc
_cB
999 _c63831
_d63831